Score 0/13 Timer 02:00
0 Plays Today
Hint Answer % Correct
Unicol
96.6%
Arana
86.2%
Cumberland
86.2%
Knox
86.2%
Selwyn
86.2%
Carrington
79.3%
Studholme
75.9%
Hayward
75.9%
Salmond
72.4%
Aquinas
72.4%
Toroa
55.2%
City
55.2%
St Margaret's
55.2%
Remove Ads.
Support Sporcle.
Get the best of Sporcle when you Go Orange. This ad-free experience offers more features, more stats, and more fun while also helping to support Sporcle. Thank you for becoming a member.

You're not logged in!

Compare scores with friends on all Sporcle quizzes.
OR
Log In

Show Comments

Extras

Created Oct 19, 2013ReportNominate
Tags:University Quiz, hall, residence

Top Quizzes Today


Score Distribution

Your Account Isn't Verified!

In order to create a playlist on Sporcle, you need to verify the email address you used during registration. Go to your Sporcle Settings to finish the process.

Report this User

Report this user for behavior that violates our Community Guidelines.

Details: